| 000 | 00911cab a2200265 4500 | ||
|---|---|---|---|
| 001 | WB3135-35 | ||
| 008 | 090401t1995 xxu||||| |||| 00| 0 eng d | ||
| 035 | _a(Sirsi) u70462 | ||
| 041 | _aeng | ||
| 245 | _aOccupiers force pace on reviews | ||
| 260 | _c1995 | ||
| 350 | _a0 | ||
| 490 |
_aEstates Times _v(1294) 15 September 1995, 8(1) |
||
| 520 | _aLooks at the occasions when a tenant may be able to initiate rent reviews. Refers to relevant law cases. | ||
| 650 | _aCHEAPSIDE LAND DEVELOPMENT CO V MESSELS SERVICE CO | ||
| 650 | _aHARBEN STYLE LTD V THE RHODES TRUST | ||
| 650 |
_aProperty management _96262 |
||
| 650 | _aRENT REVIEWS | ||
| 650 | _aROYAL BANK OF SCOTLAND PLC V JENNINGS & OTHERS | ||
| 650 | _aSUDBROOK TRADING ESTATE V EGGLETON | ||
| 650 | _aTHOMAS COOK GROUP LTD V RHODES TRUST | ||
| 690 | _aLANDLORD AND TENANT-CASE LAW-RENT REVIEWS | ||
| 942 | _n0 | ||
| 948 | _c04/03/1997 | ||
| 999 |
_c44316 _d44316 |
||